| 000 | 00224nam a22000857a 4500 | ||
|---|---|---|---|
| 999 |
_c23601 _d23601 |
||
| 003 | Nust | ||
| 005 | 20170510171241.0 | ||
| 008 | 131219b xxu||||| |||| 00| 0 eng d | ||
| 020 |
_cAvailable _a95040507 |
||
| 040 |
_aDLC _bDLC _cRCMS |
||
| 082 | _a823.8 ELI | ||
| 100 |
_aEliot, George, _9349 |
||
| 245 |
_aAdam Bede / _cGeorge Eliot ; edited with an introduction by Valentine Cunningham. |
||
| 260 |
_aOxford ; _bOxford University Press, _cc1997 |
||
| 300 |
_axlviii, 485 p. ; _bill: _c19 ,cm. |
||
| 440 |
_aThe world's classics _9350 |
||
| 504 | _a | ||
| 538 | _iShelf # 13, Row # 1, Fiction. | ||
| 650 |
_aTriangles (Interpersonal relations) _9351 |
||
| 651 |
_vFiction. _9352 |
||
| 655 |
_aDidactic fiction. _bgsafd _vLove stories. _9353 |
||
| 690 |
_aIllegitimate children _9354 |
||
| 700 |
_aCunningham, Valentine. _9355 |
||
| 856 |
_3Publisher description _uhttp://www.loc.gov/catdir/enhancements/fy0636/95040507-d.html |
||
| 942 |
_eorignew _2ddc _cFIC |
||